| 000 | | | 04018cbm0a2200265#x 450 |
| 001 | | | 26800f2e-3f80-45b0-aa37-a4123a85f73e |
| 005 | | | 20200421122612.0 |
| 100 | ## | $a | 20200401j19390409k###0rusy50 ca |
| 101 | 0# | $a | rus |
| 102 | ## | $a | RU |
| 122 | 0# | $a | d19390409## |
| 200 | 1# | $a | Письмо полпреда СССР в Великобритании И. М. Майского наркому иностранных дел СССР М. М. Литвинову об отношении населения Великобритании к германской экспансии в Европе, перспективах возобновления политики «умиротворения» и саботаже англо-советского сотрудничества в деле обуздания фашистских агрессоров |
| | $j | 9 апреля 1939 г. |
| 251 | ## | $c | Документ |
| 300 | ## | $a | Копия |
| 461 | #0 | $1 | 2001 |
| | $a | Ф. 558 |
| | $1 | 251 |
| | $c | Фонд |
| | $1 | 852 |
| | $j | 558 |
| 462 | #0 | $1 | 2001 |
| | $a | Оп. 11 |
| | $1 | 251 |
| | $c | Опись |
| | $1 | 852 |
| | $j | 11 |
| 462 | #0 | $1 | 2001 |
| | $a | Д. 291 |
| | $v | Л. 34-37 |
| | $1 | 251 |
| | $c | Дело |
| | $1 | 852 |
| | $j | 291 |
| 605 | ## | $a | Вторая мировая война в архивных документах (Комплекс оцифрованных архивных документов, кино- и фотоматериалов) |
| | $l | коллекция |
| | $2 | prlib_sh |
| | $3 | LIBNET\UAF\0000088514 |
| 617 | ## | $a | СССР |
| | $f | 1939 |
| | $2 | prlib_sh |
| 617 | ## | $a | Великобритания |
| | $f | 1939 |
| | $2 | prlib_sh |
| 801 | #0 | $a | RU |
| | $b | ПБ им. Б.Н. Ельцина |
| | $c | 20200401 |
| 801 | #1 | $a | RU |
| | $b | ПБ им. Б.Н. Ельцина |
| | $c | 20200401 |
| | $2 | rusmarc |
| 801 | #2 | $a | RU |
| | $b | ПБ им. Б.Н. Ельцина |
| | $c | 20200421 |
| | $2 | rusmarc |
| 850 | ## | $a | Российский государственный архив социально-политической истории |
| 852 | ## | $a | РГАСПИ |
| | $j | Л. 34-37 |
| 035 | ## | $a | LIBNET\0001067972 |
| 937 | ## | $d | 144086042 |
| | $h | Российский государственный архив социально-политической истории |
| 856 | 4# | $u | http://readingroom.main.prlib.ru/item.aspx?id_node=n144086042&mode=full |